Phát huy tính tích cực của học sinh thông qua việc áp dụng các kỹ thuật dạy học tích cực vào chương trình học bộ môn tin lớp 11 trường PTTH
Cơ sở lý luận của phương pháp dạy học nói chung và phương pháp dạy học tích cực nói riêng. Thực trạng việc sử dụng các phương pháp dạy học tích cực trong trường PTTH. Áp dụng một số “kỹ thuật dạy học tích cực” vào giảng dạy chương trình học bộ môn tin lớp 11....
Uloženo v:
| Hlavní autor: | |
|---|---|
| Další autoři: | |
| Médium: | Kniha |
| Vydáno: |
Đà Nẵng
Đại học Sư phạm, Đại học Đà Nẵng
2012
|
| Témata: | |
| Tagy: |
Přidat tag
Žádné tagy, Buďte první, kdo otaguje tento záznam!
|
| Thư viện lưu trữ: | Mạng thư viện Đại học Đà Nẵng |
|---|
| LEADER | 01954nam a2200337 4500 | ||
|---|---|---|---|
| 001 | 000017294 | ||
| 003 | 13710 | ||
| 005 | 20130328080347.0 | ||
| 008 | 130328s2012 sd | ||
| 082 | |a 371.3 |b ĐI-L | ||
| 100 | 1 | |a Đinh Thị Liễu | |
| 245 | |a Phát huy tính tích cực của học sinh thông qua việc áp dụng các kỹ thuật dạy học tích cực vào chương trình học bộ môn tin lớp 11 trường PTTH |c Đinh Thị Liễu ; Lê Viết Chung hướng dẫn |k Khóa luận tốt nghiệp | ||
| 260 | |a Đà Nẵng |b Đại học Sư phạm, Đại học Đà Nẵng |c 2012 | ||
| 300 | |a 47 tr. |b Hình mh. |c 29 cm. |e Đĩa CD, bản tóm tắt | ||
| 500 | |a Khóa luận tốt nghiệp đại học. Chuyên ngành: Sư phạm Tin | ||
| 504 | |a Mục lục đầu trang, tài liệu tham khảo tr. 73 - 74, phụ lục [13 tr.] | ||
| 520 | |a Cơ sở lý luận của phương pháp dạy học nói chung và phương pháp dạy học tích cực nói riêng. Thực trạng việc sử dụng các phương pháp dạy học tích cực trong trường PTTH. Áp dụng một số “kỹ thuật dạy học tích cực” vào giảng dạy chương trình học bộ môn tin lớp 11. | ||
| 600 | 1 | 4 | |b Vua |c Đinh Tiên Hoàng |
| 650 | 0 | 4 | |a Giáo dục THPT |v Khóa luận tốt nghiệp |x Nghiên cứu |
| 653 | |a Khoa Tin |a Giáo dục THPT |a Dạy học tích cực |a Tin học lớp 11 | ||
| 700 | |a Lê Viết Chung |e Hướng dẫn | ||
| OWN | |a LSP | ||
| AVA | |a UDN50 |b LSP |d 371.3 ĐI-L |e available |t Error 5001 Not defined in file expand_doc_bib_avail. |f 1 |g 0 |h N |i 0 |k 1 | ||
| 999 | |a From the UDN01 | ||
| AVA | |a UDN50 |b LSP |d 371.3 ĐI-L |e available |t Error 5001 Not defined in file expand_doc_bib_avail. |f 1 |g 0 |h N |i 0 |k 1 | ||
| TYP | |a Monograph | ||
| TYP | |a Printed language | ||
| 980 | |a Mạng thư viện Đại học Đà Nẵng | ||